| 000 | 00674nam a2200253 a 4500 | ||
|---|---|---|---|
| 001 | adlib96000001 | ||
| 003 | ViArRB | ||
| 005 | 200902210153555.7 | ||
| 008 | 960221s1955 dcuabcdjdbkoqu001 0deng d | ||
| 020 | _a | ||
| 022 | _a | ||
| 040 | _aAdlib | ||
| 082 | _a339.54 | ||
| 245 | _aGattum Kanaccaratukalum | ||
| 250 | _a | ||
| 260 |
_aKozhikode _bMathrubhumi _c1996 |
||
| 300 |
_axxx, 140p _c |
||
| 500 | _a | ||
| 100 |
_aVirendra Kumar, M.P. _e |
||
| 700 |
_a _a |
||
| 942 | _cBK | ||
| 653 |
_aCommerical policy _aInternational economic relations |
||
| 952 |
_w2010-06-16 _p00043509 _r2010-06-16 _40 _00 _bUL _10 _o339.54=M VIR _d2010-06-16 _70 _yBK _aUL |
||
| 999 |
_c39720 _d39719 |
||